| 000 | 00959nam a22003137a 4500 | ||
|---|---|---|---|
| 001 | BR7800916 | ||
| 003 | BR-BrBNA | ||
| 005 | 20230928085529.0 | ||
| 007 | ta | ||
| 008 | 230509b bl.||||| |||| 00| 0 por d | ||
| 040 |
_aBR-BrBNA _bpor _cBiblioteca Nacional de Agricultura |
||
| 041 | _a(Por) | ||
| 072 |
_aF70; M40 _b8140 _b/G514 |
||
| 090 | _ 8140 BR7800916 | ||
| 100 | 1 | _aPaula, J.E. de | |
| 110 | 1 |
_aSuperintendencia do Desenvolvimento da Pesca, Brasilia, DF (Brasil). Depto. de Pesquisa e Tecnologia _910068 |
|
| 245 | 1 | _aEstudo sobre a vegetacao aquatica e marginal relacionada com a vida dos peixes | |
| 260 | 3 |
_aBrasilia, DF (Brasil): _c1978. |
|
| 300 | _a78 p. | ||
| 500 | _a96 illus.; 10 ref.; Summaries (Eng, Por) | ||
| 650 | _aPEIXE DE AGUA DOCE | ||
| 650 | _aPLANTA AQUATICA | ||
| 650 | _aBACIA HIDROGRAFICA | ||
| 650 | _aMARANHAO | ||
| 650 | _aGOIAS | ||
| 650 | _aPARA | ||
| 909 |
_a202309 _bLucia _c55 _dLucia Elande |
||
| 942 | _cBK | ||
| 999 |
_c24945 _d24945 |
||